Sports Quiz

Random Sports or NBA Quiz

State by NBA Team Quiz Stats

 Plays Quiz Updated Dec 17, 2018

     
Support Sporcle.
Go Orange.
Score 0/28 Timer 03:00
15 Plays Today
Team % Correct
HeatFlorida
94.1%
ClippersCalifornia
93.9%
CavaliersOhio
93.4%
KnicksNew York
93.4%
LakersCalifornia
93.3%
BullsIllinois
93.3%
JazzUtah
91.3%
MagicFlorida
91.1%
MavericksTexas
90.7%
NetsNew York
90.6%
KingsCalifornia
90.1%
76ersPennsylvania
88.6%
HawksGeorgia
88.5%
PacersIndiana
88%
Team % Correct
NuggetsColorado
87.9%
RocketsTexas
87.1%
CelticsMassachusetts
86%
HornetsNorth Carolina
86%
SpursTexas
84.3%
PistonsMichigan
83.8%
BucksWisconsin
83.4%
GrizzliesTennessee
83%
WarriorsCalifornia
82.6%
TimberwolvesMinnesota
82.4%
SunsArizona
81.7%
Trail BlazersOregon
80.9%
ThunderOklahoma
79.7%
PelicansLouisiana
79.4%

From the Vault

Most Common 3-Letter Words: '_O_'

by coreywurts

If your name is Bob or Tom, you might not want to get your hopes up.
Remove Ads.
Support Sporcle.
Get the best of Sporcle when you Go Orange. This ad-free experience offers more features, more stats, and more fun while also helping to support Sporcle. Thank you for becoming a member.

Show Comments

Extras

Top Quizzes Today


Score Distribution

Your Account Isn't Verified!

In order to create a playlist on Sporcle, you need to verify the email address you used during registration. Go to your Sporcle Settings to finish the process.

Report this User

Report this user for behavior that violates our Community Guidelines.

Details: